Chandigarh: Planning Architecture Landscape Urban Design Art Services (Record no. 159676)

MARC details
000 -LEADER
fixed length control field 00587nam a22001937a 4500
005 - DATE AND TIME OF LATEST TRANSACTION
control field 20230522162603.0
008 - FIXED-LENGTH DATA ELEMENTS--GENERAL INFORMATION
fixed length control field 230522b |||||||| |||| 00| 0 eng d
020 ## - INTERNATIONAL STANDARD BOOK NUMBER
International Standard Book Number 9789389 932638
041 ## - LANGUAGE CODE
Language code of text/sound track or separate title eng
082 ## - DEWEY DECIMAL CLASSIFICATION NUMBER
Classification number 711.5
Item number BHA
100 ## - MAIN ENTRY--PERSONAL NAME
Author Bhatti S S
245 ## - TITLE STATEMENT
Title Chandigarh: Planning Architecture Landscape Urban Design Art Services
260 ## - PUBLICATION, DISTRIBUTION, ETC.
Place of publication, distribution, etc. New Delhi
Name of publisher, distributor, etc. Council Of Architecture
Date of publication, distribution, etc. 2020
300 ## - PHYSICAL DESCRIPTION
Extent 544p
Other physical details Hb
Dimensions 28 x 22
365 ## - TRADE PRICE
Price type code INR
Price amount 1311.3
Currency code Rupaye
500 ## - GENERAL NOTE
Keywords -Orientation And Background<br/>Plan <br/>Action <br/>Reality
942 ## - ADDED ENTRY ELEMENTS (KOHA)
Koha item type Books
Holdings
Withdrawn status Lost status Source of classification or shelving scheme Damaged status Not for loan Collection code Home library Current library Date acquired Vendor Net Price Bill number Total Checkouts Total Renewals Full call number Barcode Date last seen Date last checked out Discount Actual Price Bill Date Koha item type Original Barcode
    Dewey Decimal Classification     Book of Digital Architecture Dr. Bhanuben Nanavati College of Architecture Dr. Bhanuben Nanavati College of Architecture 22/05/2023 Council Of Architecture 1311.30 00179 2 2 711.5 BHA BNCA-BK-12231 29/02/2024 20/02/2024 1 1311.30 22/05/2023 Books BK12231